Strategy for improved nutrition of children and women in developing countries (Record no. 494190)

000 -LEADER
fixed length control field 00351cam a22001097a 4500
008 - FIXED-LENGTH DATA ELEMENTS--GENERAL INFORMATION
fixed length control field 180718b1990 xxu||||| |||| 00| 0 eng d
082 ## - DEWEY DECIMAL CLASSIFICATION NUMBER
Classification number O96 Un3p
245 ## - TITLE STATEMENT
Title Strategy for improved nutrition of children and women in developing countries
Statement of responsibility, etc. by UNICEF
260 ## - PUBLICATION, DISTRIBUTION, ETC.
Place of publication, distribution, etc. New York
Name of publisher, distributor, etc. United Nations Children's Fund
Date of publication, distribution, etc. 1990
300 ## - PHYSICAL DESCRIPTION
Extent 36p.
700 ## - ADDED ENTRY--PERSONAL NAME
Personal name USA. UNICEF
Holdings
Withdrawn status Lost status Damaged status Not for loan Permanent Location Current Location Date acquired Full call number Barcode Date last seen Price effective from Koha item type
        Indian Institute of Public Administration Indian Institute of Public Administration 2018-08-04 O96 Un3p GG21180 2018-08-04 2018-08-04 GG

Powered by Koha